[Event "IX Floripa Chess Open Fort Atacadista"]
[Site "Florianópolis - Santa Catari"]
[Date "2023.01.23"]
[Round "1.188"]
[White "Rodrigues, Nei Jorge"]
[Black "Makowski, Silvia Cristina"]
[Result "1-0"]
[WhiteElo "1845"]
[BlackElo "1059"]
[PlyCount "129"]
[EventDate "2023.01.23"]
[EventRounds "10"]
[EventCountry "BRA"]

1. Nf3 c5 2. g3 g6 3. Bg2 Bg7 4. d4 cxd4 5. Nxd4 Nc6 6. Nb3 Nf6 7. Nc3 O-O 8.
O-O d6 9. e4 Bg4 10. f3 Qb6+ 11. Kh1 Be6 12. Re1 Ne5 13. Nd4 Bd7 14. h3 Rac8
15. Nce2 Nc4 16. b3 e5 17. bxc4 exd4 18. Bg5 h6 19. Rb1 Qc5 20. Bd2 Qxc4 21.
Rxb7 Qxc2 22. Nxd4 Qxa2 23. Be3 Rb8 24. Qb1 Qxb1 25. Rexb1 Rxb7 26. Rxb7 a5 27.
Ra7 a4 28. f4 Re8 29. Bf2 Nxe4 30. Bxe4 Rxe4 31. Rxd7 Bxd4 32. Kg1 Bxf2+ 33.
Kxf2 Rd4 34. Ke3 Rd1 35. Ra7 Ra1 36. Kd2 Kg7 37. Ra6 Ra3 38. g4 Rxh3 39. Rxa4
Kf6 40. Rd4 Ke6 41. Ke2 f6 42. Kf2 h5 43. gxh5 Rxh5 44. Kf3 Rd5 45. Ra4 Kf5 46.
Rb4 g5 47. fxg5 Kxg5 48. Rg4+ Kf5 49. Rf4+ Ke6 50. Ra4 Rf5+ 51. Kg4 d5 52. Ra8
Rg5+ 53. Kf4 Rf5+ 54. Kg4 Re5 55. Ra6+ Kf7 56. Kf4 Kg6 57. Rd6 Re4+ 58. Kf3 Rd4
59. Ke3 Re4+ 60. Kf3 Re5 61. Kf4 Rf5+ 62. Kg4 Re5 63. Kf4 Kf7 64. Ra6 d4 65.
Rd6 1-0

[Event "IX Floripa Chess Open Fort Atacadista"]
[Site "Florianópolis - Santa Catari"]
[Date "2023.01.23"]
[Round "1.189"]
[White "Ribeiro, Maria Eduarda Thibe"]
[Black "Ribeiro, Regina"]
[Result "0-1"]
[WhiteElo "1046"]
[BlackElo "1842"]
[PlyCount "76"]
[EventDate "2023.01.23"]
[EventRounds "10"]
[EventCountry "BRA"]

1. e4 c5 2. Nf3 e6 3. Nc3 a6 4. Be2 Nc6 5. d3 Nf6 6. O-O Be7 7. b3 b5 8. Bb2
O-O 9. Nd2 Nd4 10. f4 Nxe2+ 11. Nxe2 d5 12. Ng3 Bb7 13. e5 Nd7 14. Qe2 g6 15.
Qg4 Kh8 16. c3 Rg8 17. Qe2 Qb6 18. Qf2 a5 19. a3 f5 20. Rab1 Bc6 21. Ne2 Qd8
22. a4 bxa4 23. d4 axb3 24. c4 a4 25. Ba3 dxc4 26. Nxc4 cxd4 27. Bxe7 Qxe7 28.
Nxd4 Be4 29. Rb2 Nc5 30. Qe3 a3 31. Rd2 a2 32. Ra1 Rgb8 33. Rb2 Bd5 34. Nd2 Qa7
35. Kf2 Qa3 36. Qc3 Na4 37. Qc1 Qxb2 38. Qxb2 Nxb2 0-1

[Event "IX Floripa Chess Open Fort Atacadista"]
[Site "Florianópolis - Santa Catari"]
[Date "2023.01.23"]
[Round "1.190"]
[White "Da Rosa, Henrique Jaze Simoe"]
[Black "Nunes, Nicole"]
[Result "1-0"]
[WhiteElo "1838"]
[BlackElo "1014"]
[PlyCount "58"]
[EventDate "2023.01.23"]
[EventRounds "10"]
[EventCountry "BRA"]

1. Nf3 c5 2. c4 Nc6 3. g3 g6 4. Bg2 Bg7 5. O-O Nf6 6. Nc3 O-O 7. d4 cxd4 8.
Nxd4 Nxd4 9. Qxd4 Qc7 10. Bf4 d6 11. Qd3 Bd7 12. Rac1 Bc6 13. e4 Rac8 14. Rfe1
Bd7 15. b3 Qb6 16. Be3 Qa6 17. h3 Be6 18. Qd2 Nd7 19. f4 b5 20. Nxb5 f5 21.
exf5 Bxf5 22. g4 Be6 23. Bf2 Bh6 24. g5 Bg7 25. Rxe6 Rfd8 26. Rxe7 Nc5 27. Qd5+
Kh8 28. Bd4 Rg8 29. Rxg7 (29. Bxg7+ Rxg7 30. Rxg7 Rf8 31. Rxa7 Qb6 32. Qd4+ Kg8
33. Qg7#) 29... Rxg7 1-0

[Event "IX Floripa Chess Open Fort Atacadista"]
[Site "Florianópolis - Santa Catari"]
[Date "2023.01.23"]
[Round "1.191"]
[White "De Melo, Jailson Jose"]
[Black "Da Silva, Lucas Pereira Mende"]
[Result "0-1"]
[WhiteElo "1929"]
[BlackElo "1838"]
[PlyCount "98"]
[EventDate "2023.01.23"]
[EventRounds "10"]
[EventCountry "BRA"]

1. c4 Nf6 2. Nf3 e6 3. g3 b6 4. Bg2 Bb7 5. O-O Be7 6. b3 O-O 7. Bb2 d6 8. d4
Nbd7 9. Nc3 c5 10. Qc2 cxd4 11. Nxd4 Bxg2 12. Kxg2 Qc7 13. e4 a6 14. Rad1 Rac8
15. h3 Qb7 16. Qe2 Rfe8 17. f4 Nc5 18. Rfe1 Nfxe4 19. Nxe4 f5 20. Kh2 fxe4 21.
b4 Na4 22. Ba1 Bf6 23. f5 Bxd4 24. Rxd4 exf5 25. Rxd6 Qf7 26. Qd1 b5 27. c5
Qxa2+ 28. Re2 Qf7 29. Red2 e3 30. Re2 f4 31. Rd7 fxg3+ 32. Kxg3 Re7 33. Rxe7
Qxe7 34. Qd5+ Kh8 35. Bd4 Rd8 36. Qe5 Qxe5+ 37. Bxe5 Rc8 38. Rxe3 Kg8 39. Rd3
a5 40. Rd7 axb4 41. Rxg7+ Kf8 42. Rxh7 Rc6 43. Rb7 Nc3 44. Rb6 Rc8 45. c6 Ke7
46. c7 Kd7 47. Bxc3 bxc3 48. Rxb5 c2 49. Rd5+ Kc6 0-1

[Event "IX Floripa Chess Open Fort Atacadista"]
[Site "Florianópolis - Santa Catari"]
[Date "2023.01.23"]
[Round "1.192"]
[White "Piassi, Eric Augusto"]
[Black "Do Nascimento, Carlos Augusto Xa"]
[Result "1/2-1/2"]
[WhiteElo "1837"]
[BlackElo "1895"]
[PlyCount "41"]
[EventDate "2023.01.23"]
[EventRounds "10"]
[EventCountry "BRA"]

1. d4 d6 2. Nf3 Nd7 3. Bf4 e5 4. dxe5 dxe5 5. Bxe5 Ngf6 6. e3 c6 7. Bc4 Be7 8.
O-O O-O 9. Bc3 Qc7 10. h3 b5 11. Bd3 b4 12. Bd2 c5 13. c4 Bb7 14. Qe2 Rad8 15.
Rd1 Bxf3 16. gxf3 Qe5 17. Be1 Qh5 18. Kg2 Ne5 19. Bc2 Qg5+ 20. Kh2 Qh5 21. Kg2
1/2-1/2

[Event "IX Floripa Chess Open Fort Atacadista"]
[Site "Florianópolis - Santa Catari"]
[Date "2023.01.23"]
[Round "1.193"]
[White "Matos, Alexandre De"]
[Black "Oviedo Acosta, Paula"]
[Result "1/2-1/2"]
[WhiteElo "1871"]
[BlackElo "1836"]
[PlyCount "47"]
[EventDate "2023.01.23"]
[EventRounds "10"]
[EventCountry "BRA"]

1. e4 c5 2. Nc3 e6 3. f4 a6 4. a4 Nf6 5. Bc4 Nc6 6. e5 d5 7. exd6 Bxd6 8. d3
Qc7 9. Nf3 Bxf4 10. O-O Ng4 11. Qe1 Bxh2+ 12. Kh1 Bg3 13. Nd5 Qd6 14. Qe2 O-O
15. Nc3 Nf6 16. Bd2 Nd4 17. Qd1 Bd7 18. Ng5 Qe7 19. Ne2 Nxe2 20. Qxe2 Bc6 21.
Bc3 b5 22. Rxf6 gxf6 23. Nxh7 Be5 24. Qg4+ 1/2-1/2

[Event "IX Floripa Chess Open Fort Atacadista"]
[Site "Florianópolis - Santa Catari"]
[Date "2023.01.23"]
[Round "1.194"]
[White "Borsato, Ana Carolina Teodor"]
[Black "Fraga, Sofia Carneiro"]
[Result "1-0"]
[WhiteElo "1832"]
[BlackElo "1850"]
[PlyCount "35"]
[EventDate "2023.01.23"]
[EventRounds "10"]
[EventCountry "BRA"]

1. e4 e5 2. Nf3 Nc6 3. d4 exd4 4. Bc4 Nf6 5. e5 d5 6. Bb5 Ne4 7. O-O Bc5 8.
Nbd2 Nxd2 9. Qxd2 O-O 10. a3 Bd7 11. b4 Bb6 12. Bd3 Re8 13. Qf4 a6 14. Bxh7+
Kf8 15. Bd2 Ba7 16. Rfe1 Qc8 17. Bg6 f5 18. exf6 1-0

[Event "IX Floripa Chess Open Fort Atacadista"]
[Site "Florianópolis - Santa Catari"]
[Date "2023.01.23"]
[Round "1.195"]
[White "Cunha, Paola De Oliveira"]
[Black "Borger, David Lupovici"]
[Result "0-1"]
[WhiteElo "1838"]
[BlackElo "1832"]
[PlyCount "46"]
[EventDate "2023.01.23"]
[EventRounds "10"]
[EventCountry "BRA"]

1. d4 d5 2. Bf4 Nf6 3. e3 c5 4. c3 Nc6 5. Nf3 Qb6 6. Qb3 c4 7. Qxb6 axb6 8. Be2
b5 9. O-O Bf5 10. Nbd2 b4 11. Ne5 e6 12. Nxc6 bxc6 13. Nf3 bxc3 14. bxc3 Ne4
15. Rfc1 Ba3 16. Re1 Nxc3 17. Bf1 Bb2 18. Bd6 Bxa1 19. Rxa1 Rxa2 20. Rc1 Nb5
21. Bc5 f6 22. g3 Kd7 23. Rb1 Bxb1 0-1

[Event "IX Floripa Chess Open Fort Atacadista"]
[Site "Florianópolis - Santa Catari"]
[Date "2023.01.23"]
[Round "1.196"]
[White "Vieira, Jose Renato Braga S"]
[Black "Barbosa, Rafael Santos"]
[Result "1/2-1/2"]
[WhiteElo "1828"]
[BlackElo "1816"]
[PlyCount "32"]
[EventDate "2023.01.23"]
[EventRounds "10"]
[EventCountry "BRA"]

1. d4 Nf6 2. c4 g6 3. Nc3 d5 4. Nf3 Bg7 5. Qb3 c6 6. Bf4 O-O 7. e3 dxc4 8. Bxc4
Qb6 9. Qa3 e6 10. O-O Nbd7 11. Rfd1 Nd5 12. Bd6 Re8 13. Na4 Qa5 14. b4 Qd8 15.
Nb2 N7f6 16. Be5 Qe7 1/2-1/2

[Event "IX Floripa Chess Open Fort Atacadista"]
[Site "Florianópolis - Santa Catari"]
[Date "2023.01.23"]
[Round "1.197"]
[White "Biazon, Natalia De Oliveira"]
[Black "Resende, Lucas B. Massucato"]
[Result "0-1"]
[WhiteElo "1813"]
[BlackElo "1824"]
[PlyCount "80"]
[EventDate "2023.01.23"]
[EventRounds "10"]
[EventCountry "BRA"]

1. d4 e6 2. Bf4 f5 3. e3 Nf6 4. Nf3 d5 5. Nbd2 Be7 6. c4 c6 7. Bd3 O-O 8. O-O
Ne4 9. cxd5 cxd5 10. Rc1 Bd7 11. Bb1 Bb5 12. Re1 Nd7 13. a4 Nxd2 14. axb5 Nxb1
15. Rxb1 Qa5 16. Qb3 Qb4 17. Qxb4 Bxb4 18. Rec1 Rfc8 19. Ng5 Nf8 20. Nf3 h6 21.
Ne5 Bd2 22. Rxc8 Rxc8 23. Nf3 Bb4 24. h3 g5 25. Bg3 Ba5 26. Bd6 Nd7 27. Ne5 Nf6
28. Ra1 Bb6 29. Ng6 Rc2 30. b4 Ne4 31. f3 Nxd6 32. h4 f4 33. hxg5 fxe3 34. Kf1
e2+ 35. Ke1 Bxd4 36. gxh6 Bxa1 37. h7+ Kxh7 38. Nf8+ Kh6 39. Nxe6 Bc3+ 40. Kf2
e1=Q# 0-1

[Event "IX Floripa Chess Open Fort Atacadista"]
[Site "Florianópolis - Santa Catari"]
[Date "2023.01.23"]
[Round "1.198"]
[White "Nunes, Agatha Hurba"]
[Black "Silva, Allan De Souza"]
[Result "1-0"]
[WhiteElo "1823"]
[BlackElo "1813"]
[PlyCount "85"]
[EventDate "2023.01.23"]
[EventRounds "10"]
[EventCountry "BRA"]

1. d4 d5 2. c4 e6 3. cxd5 exd5 4. Nc3 Nf6 5. Bg5 Be7 6. e3 O-O 7. Bd3 Nbd7 8.
Nge2 c5 9. dxc5 Nxc5 10. Bc2 Nce4 11. Nxe4 Nxe4 12. Bxe7 Qxe7 13. O-O Nf6 14.
Nd4 Be6 15. Qd3 g6 16. Bb3 a6 17. Rad1 Rfd8 18. Ne2 Rd6 19. Qd4 Rc8 20. Qh4 Qd8
21. Rd4 Nh5 22. Qxd8+ Rdxd8 23. Nc3 Nf6 24. Rfd1 Rc5 25. e4 Rxc3 26. bxc3 Rc8
27. exd5 Bd7 28. c4 Rc5 29. f3 Ne8 30. Re4 Nd6 31. Re7 Be8 32. Rde1 Kf8 33. g4
b5 34. cxb5 Bxb5 35. Ra7 Kg7 36. a4 Bc4 37. Bxc4 Rxc4 38. Rxa6 Nb7 39. Rd1 Rc8
40. d6 Rd8 41. d7 Kf8 42. Rd5 Ke7 43. Rb6 1-0

[Event "IX Floripa Chess Open Fort Atacadista"]
[Site "Florianópolis - Santa Catari"]
[Date "2023.01.23"]
[Round "1.199"]
[White "Carvalho, Eduardo Meireles"]
[Black "Boabaid, Jorge Alberto Duard"]
[Result "0-1"]
[WhiteElo "1812"]
[BlackElo "1822"]
[PlyCount "82"]
[EventDate "2023.01.23"]
[EventRounds "10"]
[EventCountry "BRA"]

1. d4 Nf6 2. Bf4 d5 3. Nf3 c5 4. e3 Nbd7 5. c4 Qa5+ 6. Nbd2 e6 7. Bd3 Be7 8. h3
dxc4 9. Bxc4 b5 10. Be2 Bb7 11. O-O cxd4 12. Nb3 Qb6 13. Nbxd4 a6 14. Rc1 Nd5
15. Ne5 Nxe5 16. Bxe5 Bf6 17. Bh2 O-O 18. Nb3 Bxb2 19. Rc2 Nc3 20. Qe1 Nxe2+
21. Qxe2 Bf6 22. Rfc1 Bd5 23. e4 Bc4 24. Qf3 Rad8 25. Nd2 Rd3 26. Qg4 Bd4 27.
Nxc4 bxc4 28. Qe2 Rd8 29. Bg3 Rxg3 30. Rxc4 Rg5 31. Qd2 h6 32. Kh1 Kh7 33. Qf4
Rd7 34. h4 Rc5 35. Rxc5 Bxc5 36. Rc3 Bxf2 37. Rf3 Qb1+ 38. Kh2 Qg1+ 39. Kh3
Qh1+ 40. Kg4 Qxg2+ 41. Kh5 Qg6# 0-1

[Event "IX Floripa Chess Open Fort Atacadista"]
[Site "Florianópolis - Santa Catari"]
[Date "2023.01.23"]
[Round "1.200"]
[White "Machado Da Silva, Lucas"]
[Black "Santos, Mike Sperandio"]
[Result "1-0"]
[WhiteElo "1822"]
[BlackElo "1811"]
[PlyCount "37"]
[EventDate "2023.01.23"]
[EventRounds "10"]
[EventCountry "BRA"]

1. e4 c5 2. Nc3 Nc6 3. f4 d6 4. Nf3 Nf6 5. Bb5 Bd7 6. d3 a6 7. Bxc6 Bxc6 8. O-O
e6 9. Qe1 Be7 10. e5 dxe5 11. fxe5 Nd5 12. Qg3 Kf8 13. Ne4 Nb4 14. Nfg5 Bxg5
15. Nxg5 Qd5 16. Nxf7 Ke7 17. Nd6 Rag8 18. Rf7+ Kd8 19. Bg5# 1-0

[Event "IX Floripa Chess Open Fort Atacadista"]
[Site "Florianópolis - Santa Catari"]
[Date "2023.01.23"]
[Round "1.201"]
[White "Bertusso, Amanda"]
[Black "Gatelli, Jacson Henrique"]
[Result "0-1"]
[WhiteElo "1800"]
[BlackElo "1820"]
[PlyCount "94"]
[EventDate "2023.01.23"]
[EventRounds "10"]
[EventCountry "BRA"]

1. e4 e5 2. Nf3 Nc6 3. Nc3 Nf6 4. Bb5 d6 5. h3 Bd7 6. O-O Be7 7. d4 exd4 8.
Nxd4 Nxd4 9. Bxd7+ Qxd7 10. Qxd4 h6 11. Bf4 O-O 12. Rad1 Qe6 13. e5 dxe5 14.
Bxe5 Rfd8 15. Qe3 c6 16. Qg3 Rxd1 17. Rxd1 Re8 18. Rd4 Nh5 19. Qe3 Bg5 20. Qe2
Nf4 21. Bxf4 Qxe2 22. Nxe2 Rxe2 23. Bxg5 hxg5 24. Rc4 Re1+ 25. Kh2 f6 26. g4
Kf7 27. f4 gxf4 28. Rxf4 Re2+ 29. Kg3 Rxc2 30. h4 Rxb2 31. g5 Rxa2 32. gxf6
gxf6 33. h5 b5 34. Rh4 Ra3+ 35. Kf2 Kg7 36. h6+ Kh7 37. Rh1 c5 38. Ke2 c4 39.
Kd2 a5 40. Kc2 b4 41. Kb2 Rg3 42. Kc2 Rg2+ 43. Kc1 f5 44. Rf1 c3 45. Rxf5 b3
46. Rf7+ Kxh6 47. Rc7 Rg1# 0-1

[Event "IX Floripa Chess Open Fort Atacadista"]
[Site "Florianópolis - Santa Catari"]
[Date "2023.01.23"]
[Round "1.202"]
[White "Rodrigues, Julliano De Araujo"]
[Black "De Bortolo, Paulo Ricardo"]
[Result "1-0"]
[WhiteElo "1819"]
[BlackElo "1800"]
[PlyCount "81"]
[EventDate "2023.01.23"]
[EventRounds "10"]
[EventCountry "BRA"]

1. e4 e5 2. Nf3 Nc6 3. Bb5 a6 4. Ba4 Nf6 5. O-O b5 6. Bb3 d6 7. c3 Be7 8. d4
Bg4 9. d5 Na5 10. Bc2 Nc4 11. Nbd2 Nxd2 12. Bxd2 O-O 13. a4 h6 14. axb5 axb5
15. Qe2 Qd7 16. Bd3 c6 17. dxc6 Qxc6 18. Bxb5 Qxe4 19. Qxe4 Nxe4 20. Rxa8 Rxa8
21. Be3 Rb8 22. c4 Bd8 23. Ra1 Bb6 24. Bxb6 Rxb6 25. Ne1 Be6 26. Nf3 f6 27. Kf1
d5 28. b3 Nc3 29. cxd5 Bxd5 30. Bc4 Bxc4+ 31. bxc4 Kf7 32. Nd2 f5 33. f3 Rb2
34. Ke1 Ra2 35. Rc1 Ra3 36. c5 Ke6 37. c6 e4 38. fxe4 fxe4 39. c7 Kd7 40. Nxe4
Nxe4 41. c8=Q+ 1-0

[Event "IX Floripa Chess Open Fort Atacadista"]
[Site "Florianópolis - Santa Catari"]
[Date "2023.01.23"]
[Round "1.203"]
[White "De Sousa, Paulo Goncalves"]
[Black "Godinho, Bruno Cesar Ferreir"]
[Result "1-0"]
[WhiteElo "1800"]
[BlackElo "1819"]
[PlyCount "63"]
[EventDate "2023.01.23"]
[EventRounds "10"]
[EventCountry "BRA"]

1. e4 c6 2. c4 d5 3. cxd5 cxd5 4. exd5 Nf6 5. d4 Nxd5 6. Nf3 Nc6 7. Nc3 Bg4 8.
Bb5 e6 9. h3 Bh5 10. O-O Nxc3 11. bxc3 Bd6 12. d5 exd5 13. Re1+ Kf8 14. g4 Bg6
15. Bg5 f6 16. Bxc6 bxc6 17. Nd4 Bf7 18. Qf3 Kg8 19. Bf4 Qd7 20. Bxd6 Qxd6 21.
Nf5 Qc5 22. Rab1 h6 23. Rb7 g6 24. Ne7+ Kg7 25. Nxg6 Kxg6 26. Ree7 Qxe7 27.
Rxe7 Rhe8 28. Rc7 Re5 29. Rxc6 Be6 30. Rxe6 Rxe6 31. Qf5+ Kf7 32. Qh7+ 1-0

[Event "IX Floripa Chess Open Fort Atacadista"]
[Site "Florianópolis - Santa Catari"]
[Date "2023.01.23"]
[Round "1.204"]
[White "Silva, Ezequiel Demetras"]
[Black "De Souza, Felipe De Deus"]
[Result "1-0"]
[WhiteElo "1811"]
[BlackElo "1800"]
[PlyCount "71"]
[EventDate "2023.01.23"]
[EventRounds "10"]
[EventCountry "BRA"]

1. e4 c5 2. Nf3 g6 3. d4 cxd4 4. Nxd4 Nc6 5. c4 Bg7 6. Be3 Nf6 7. Nc3 O-O 8.
Be2 d6 9. O-O b6 10. f3 Nxd4 11. Bxd4 Bb7 12. Qd2 Rc8 13. Rfc1 e6 14. Rab1 Qd7
15. Kh1 d5 16. cxd5 exd5 17. e5 Ne8 18. f4 Qf5 19. h3 Bh6 20. Bg4 Qxf4 21. Qxf4
Bxf4 22. Bxc8 Bxc1 23. Bxb7 Bh6 24. Nxd5 Ng7 25. Nf6+ Kh8 26. Bf3 Rd8 27. Rd1
Ne6 28. Bc3 Rc8 29. Bg4 Rc5 30. Bxe6 fxe6 31. Rd7 Bg7 32. Rd8+ Bf8 33. Rxf8+
Kg7 34. Rd8 Kf7 35. Rd7+ Kf8 36. Bd4 1-0

[Event "IX Floripa Chess Open Fort Atacadista"]
[Site "Florianópolis - Santa Catari"]
[Date "2023.01.23"]
[Round "1.205"]
[White "De Souza, Samuel De Deus"]
[Black "Dos Santos, Dwlyan Silva"]
[Result "0-1"]
[WhiteElo "1800"]
[BlackElo "1810"]
[PlyCount "54"]
[EventDate "2023.01.23"]
[EventRounds "10"]
[EventCountry "BRA"]

1. e4 c5 2. Nf3 e6 3. d4 cxd4 4. Nxd4 a6 5. Nc3 Qc7 6. f4 Bb4 7. Qf3 Nc6 8.
Nxc6 bxc6 9. Bd2 d5 10. a3 dxe4 11. Qxe4 Be7 12. O-O-O Nf6 13. Qf3 Bb7 14. g4
c5 15. Qg3 Bxh1 16. Bd3 Bc6 17. Qh3 Nd5 18. Nxd5 Bxd5 19. Rg1 c4 20. Be2 Rb8
21. Bc3 Bf6 22. Bxf6 gxf6 23. f5 Qb6 24. Rd1 Qxb2+ 25. Kd2 Rb3 26. Qf1 Qc3+ 27.
Kc1 Rxa3 0-1

[Event "IX Floripa Chess Open Fort Atacadista"]
[Site "Florianópolis - Santa Catari"]
[Date "2023.01.23"]
[Round "1.206"]
[White "Dos Santos, Gustavo Mota"]
[Black "Emmerich, Maria Isabel"]
[Result "1-0"]
[WhiteElo "1810"]
[BlackElo "1800"]
[PlyCount "45"]
[EventDate "2023.01.23"]
[EventRounds "10"]
[EventCountry "BRA"]

1. e4 e5 2. Nf3 Nc6 3. d4 exd4 4. Nxd4 Nxd4 5. Qxd4 Nf6 6. e5 Qe7 7. Be3 Nh5 8.
g4 d6 9. exd6 cxd6 10. gxh5 Qc7 11. Nc3 Be7 12. Nd5 Qxc2 13. Bd3 Bf6 14. Nxf6+
gxf6 15. Bxc2 b6 16. Qxf6 Rg8 17. O-O-O Bb7 18. Ba4+ b5 19. Bxb5+ Kf8 20. Bh6+
Rg7 21. Bxg7+ Kg8 22. Bh6 Bxh1 23. Qg7# 1-0

[Event "IX Floripa Chess Open Fort Atacadista"]
[Site "Florianópolis - Santa Catari"]
[Date "2023.01.23"]
[Round "1.207"]
[White "Kawamoto, Victor Misao Buriti"]
[Black "Jodorcovsky, Alejandro David"]
[Result "0-1"]
[WhiteElo "1800"]
[BlackElo "1808"]
[PlyCount "112"]
[EventDate "2023.01.23"]
[EventRounds "10"]
[EventCountry "BRA"]

1. e4 e5 2. Nc3 Nf6 3. g3 d5 4. exd5 Nxd5 5. Bg2 Nxc3 6. bxc3 Nc6 7. Ne2 Bc5 8.
O-O O-O 9. Rb1 f5 10. d3 Qd6 11. Be3 f4 12. Bxc5 Qxc5 13. d4 Qd6 14. f3 fxg3
15. hxg3 Rd8 16. f4 exd4 17. cxd4 b6 18. c3 Be6 19. Qd2 Bd5 20. Nc1 Na5 21. Re1
c5 22. Nb3 Nxb3 23. axb3 Bxg2 24. Qxg2 cxd4 25. Rbd1 d3 26. Qd2 Rac8 27. Re3
Qc5 28. Kf1 Qxc3 29. Rxd3 Qxd2 30. R1xd2 Rxd3 31. Rxd3 Rc2 32. b4 a5 33. bxa5
bxa5 34. Rd8+ Kf7 35. Ra8 Rc5 36. Kf2 h5 37. Kg2 Ke6 38. Kh3 g5 39. fxg5 Rxg5
40. Ra6+ Kd7 41. Kh4 Rc5 42. Rb6 Kc7 43. Rb2 Kc6 44. g4 hxg4 45. Kxg4 Kd5 46.
Kf3 Kd4 47. Ke2 Kc3 48. Ra2 Kb3 49. Ra1 Rd5 50. Rb1+ Kc2 51. Ra1 Kb2 52. Ra4
Kb3 53. Ra1 a4 54. Ke3 a3 55. Ke4 Ra5 56. Kd3 a2 0-1

[Event "IX Floripa Chess Open Fort Atacadista"]
[Site "Florianópolis - Santa Catari"]
[Date "2023.01.23"]
[Round "1.208"]
[White "Machado, Leonardo Ribeiro"]
[Black "Kikuchi, Alexandre Hideki Lo"]
[Result "1/2-1/2"]
[WhiteElo "1807"]
[BlackElo "1800"]
[PlyCount "89"]
[EventDate "2023.01.23"]
[EventRounds "10"]
[EventCountry "BRA"]

1. e4 c5 2. Nf3 e6 3. c3 d5 4. e5 Nc6 5. d4 Qb6 6. Be2 cxd4 7. cxd4 Nh6 8. Nc3
Nf5 9. Na4 Bb4+ 10. Kf1 Qd8 11. g4 Nh4 12. Bg5 Be7 13. Bxe7 Qxe7 14. Bb5 Bd7
15. Nc5 Nxf3 16. Bxc6 Bxc6 17. Qxf3 b6 18. Nb3 Rc8 19. Kg2 O-O 20. Qe3 f5 21.
h3 f4 22. Qd3 Be8 23. Rac1 Bg6 24. Qd2 f3+ 25. Kg3 Be4 26. Rxc8 Rxc8 27. Rc1
Rf8 28. Rc6 h5 29. Qc1 h4+ 30. Kh2 Rf7 31. Rd6 Qc7 32. Rc6 Qb7 33. Rxe6 Rc7 34.
Qg5 Qc8 35. Rd6 Rd7 36. Rxd7 Qxd7 37. Qxh4 Qb5 38. Qd8+ Kh7 39. Qh4+ Kg8 40.
Kg3 Kf7 41. Kf4 a5 42. Qd8 a4 43. Qc7+ Kg8 44. Qd8+ Kf7 45. Qc7+ 1/2-1/2

[Event "IX Floripa Chess Open Fort Atacadista"]
[Site "Florianópolis - Santa Catari"]
[Date "2023.01.23"]
[Round "1.210"]
[White "Tamayo, Jose Luis"]
[Black "Miranda, Bianca"]
[Result "1/2-1/2"]
[WhiteElo "1805"]
[BlackElo "1800"]
[PlyCount "189"]
[EventDate "2023.01.23"]
[EventRounds "10"]
[EventCountry "BRA"]

1. e4 d5 2. exd5 Qxd5 3. Nc3 Qd6 4. Nf3 Nf6 5. d4 c6 6. h3 g6 7. Bc4 Bg7 8. O-O
O-O 9. Re1 Nbd7 10. Bb3 e6 11. Ne2 Qe7 12. Ng3 b5 13. a4 Bb7 14. axb5 cxb5 15.
Qe2 a6 16. Bg5 Qd6 17. c3 b4 18. Qd2 bxc3 19. bxc3 Bxf3 20. gxf3 Qc6 21. Kg2
Nb6 22. Qd3 a5 23. Bd2 a4 24. Ba2 Rfc8 25. Ne4 Nfd5 26. Rac1 Nc4 27. Nc5 Nxd2
28. Qxd2 Qd6 29. Bxd5 Qxd5 30. Qc2 a3 31. Qe4 Qg5+ 32. Kf1 a2 33. Ra1 Qd2 34.
Qe3 Qb2 35. Qc1 Rcb8 36. Qxb2 Rxb2 37. Re2 Rb1+ 38. Re1 Rxa1 39. Rxa1 e5 40.
Nb3 Rb8 41. Rxa2 Rxb3 42. Ra8+ Bf8 43. dxe5 Rxc3 44. Kg2 Kg7 45. Ra7 Rc6 46.
Ra4 g5 47. f4 Kg6 48. fxg5 Kxg5 49. Kg3 h5 50. h4+ Kf5 51. Rf4+ Kxe5 52. Rxf7
Rf6 53. Rb7 Bd6 54. Rb5+ Ke4+ 55. Kg2 Rf5 56. f3+ Rxf3 57. Rxh5 Rg3+ 58. Kf2
Rg6 59. Rg5 Rf6+ 60. Ke2 Rh6 61. h5 Bf4 62. Ra5 Be5 63. Ra4+ Kf5 64. Rh4 Kg5
65. Rh1 Bg3 66. Kf3 Bh4 67. Ke4 Kxh5 68. Kf5 Rf6+ 69. Ke5 Rf2 70. Ke4 Kg4 71.
Rg1+ Bg3 72. Ke3 Rf7 73. Rb1 Re7+ 74. Kd3 Kf3 75. Rb3 Bf2 76. Kc4+ Ke4 77. Rh3
Rc7+ 78. Kb3 Be3 79. Kb4 Rb7+ 80. Kc4 Rc7+ 81. Kb5 Bd4 82. Rh4+ Kd5 83. Rh5+
Be5 84. Kb6 Rc1 85. Kb7 Rb1+ 86. Kc8 Kd6 87. Rh6+ Ke7 88. Rb6 Rc1+ 89. Kb7 Kd7
90. Rb3 Bd4 91. Rb4 Rc7+ 92. Kb8 Ba7+ 93. Ka8 Bc5 94. Rb7 Rxb7 95. Kxb7 1/2-1/2

[Event "IX Floripa Chess Open Fort Atacadista"]
[Site "Florianópolis - Santa Catari"]
[Date "2023.01.23"]
[Round "1.211"]
[White "Moreira, Paulo Vinicius Mace"]
[Black "Casas, Nicolas"]
[Result "1-0"]
[WhiteElo "1800"]
[BlackElo "1803"]
[PlyCount "95"]
[EventDate "2023.01.23"]
[EventRounds "10"]
[EventCountry "BRA"]

1. d4 Nf6 2. c4 g6 3. Nf3 Bg7 4. g3 d6 5. Bg2 O-O 6. Nc3 Nbd7 7. O-O c5 8. d5
a6 9. a4 Re8 10. e4 Nb6 11. Qd3 Qc7 12. Re1 Bg4 13. h3 Bxf3 14. Bxf3 Nbd7 15.
Bf4 Ne5 16. Bxe5 dxe5 17. Rad1 Rad8 18. Kh2 Rd7 19. g4 Red8 20. g5 Ne8 21. Bg4
Rd6 22. Ne2 e6 23. Qc2 exd5 24. cxd5 c4 25. Rc1 b5 26. axb5 axb5 27. b3 Qb6 28.
Kg2 cxb3 29. Qxb3 f6 30. f4 exf4 31. Nxf4 h5 32. Be6+ Kh7 33. gxf6 Bxf6 34. e5
Bg5 35. exd6 Bxf4 36. Rc6 Qd4 37. Qxb5 Nxd6 38. Qb6 Qf6 39. Qf2 Qg5+ 40. Kh1
Nf5 41. Bxf5 Qxf5 42. Qf3 Rxd5 43. Rc4 Rd3 44. Re7+ Kh6 45. Qxf4+ Qxf4 46. Rxf4
Rxh3+ 47. Kg2 Rc3 48. Re6 1-0

[Event "IX Floripa Chess Open Fort Atacadista"]
[Site "Florianópolis - Santa Catari"]
[Date "2023.01.23"]
[Round "1.213"]
[White "Nunes, Alice"]
[Black "Eger, Laura Luisa"]
[Result "0-1"]
[WhiteElo "1800"]
[BlackElo "1800"]
[PlyCount "114"]
[EventDate "2023.01.23"]
[EventRounds "10"]
[EventCountry "BRA"]

1. e4 e5 2. Nf3 Nc6 3. Nc3 Nf6 4. Bb5 Bc5 5. d3 d6 6. Bg5 h6 7. Bh4 a6 8. Ba4
Be6 9. Bxc6+ bxc6 10. O-O g5 11. Bg3 Bg4 12. h3 Bh5 13. Bh2 g4 14. hxg4 Bxg4
15. Qe2 Nh7 16. Nd1 Ng5 17. Ne3 Nxf3+ 18. gxf3 Bh3 19. Rfe1 Qg5+ 20. Kh1 O-O-O
21. Rg1 Qh5 22. a3 Rhg8 23. Rxg8 Rxg8 24. Rg1 Rg6 25. Rxg6 fxg6 26. b4 Bd4 27.
c4 Qg5 28. Bg3 h5 29. a4 Bxe3 30. Qxe3 Qxe3 31. fxe3 Bf1 32. d4 exd4 33. exd4
Bxc4 34. a5 Kd7 35. Kh2 g5 36. Kg1 Ke6 37. Bf2 Bd3 38. Kg2 g4 39. fxg4 hxg4 40.
Kg3 Bxe4 41. Kxg4 Kd5 42. Kf4 Bg2 43. Kg3 Bh1 44. Kh2 Be4 45. Kg3 Kc4 46. Kf4
Kd3 47. Be1 Kxd4 48. Kg5 c5 49. Kf6 cxb4 50. Bxb4 c5 51. Be1 c4 52. Ke6 d5 53.
Kd6 c3 54. Bxc3+ Kxc3 55. Kc5 d4 56. Kb6 Bd3 57. Kc6 Bb5+ 0-1